<?xml version="1.0" encoding="UTF-8"?>
<record
    xmlns:xsi="http://www.w3.org/2001/XMLSchema-instance"
    xsi:schemaLocation="http://www.loc.gov/MARC21/slim http://www.loc.gov/standards/marcxml/schema/MARC21slim.xsd"
    xmlns="http://www.loc.gov/MARC21/slim">

  <leader>03138nam a22001937a 4500</leader>
  <controlfield tag="003">OSt</controlfield>
  <controlfield tag="005">20180123130040.0</controlfield>
  <controlfield tag="008">180123e201702  spc||||  |||| 0|0 0 spa|d</controlfield>
  <datafield tag="017" ind1=" " ind2=" ">
    <subfield code="a">DL B 6805-2017</subfield>
    <subfield code="b">Biblioteca de Catalunya</subfield>
  </datafield>
  <datafield tag="040" ind1=" " ind2=" ">
    <subfield code="a">ES-BaBC</subfield>
    <subfield code="b">cat</subfield>
    <subfield code="c">CDMR</subfield>
  </datafield>
  <datafield tag="245" ind1="0" ind2="0">
    <subfield code="a">Art&#xED;culos muy determinantes (1968-2016) </subfield>
    <subfield code="b">: todos los ganadores del premio Enrique Ferr&#xE1;n convocado por El Ciervo /</subfield>
    <subfield code="c">pr&#xF3;logo de Francesc X. Puig Rovira ; Santiago Alba [i 39 m&#xE9;s]</subfield>
  </datafield>
  <datafield tag="260" ind1=" " ind2=" ">
    <subfield code="a">[Barcelona] :</subfield>
    <subfield code="b">El Ciervo,</subfield>
    <subfield code="c">2017</subfield>
  </datafield>
  <datafield tag="300" ind1=" " ind2=" ">
    <subfield code="a">399 p. ;</subfield>
    <subfield code="c">22 cm</subfield>
  </datafield>
  <datafield tag="505" ind1="8" ind2=" ">
    <subfield code="a">Cont&#xE9;: Hacia nuevas fronteras de la teolog&#xED;a / Salvador Blanco Pi&#xF1;&#xE1;n ; Radiograf&#xED;a de los desheredados / Agust&#xED; Pons Mir -- Ojo por ojo, diente por diente / Bernardino M. Hernando -- Di&#xE1;logo con un objector de conciencia / Eduardo Cierco -- Unha xeira nova : os movimentos de rexionalizacion nos vellos estados europeus / Xes&#xFA;s Cambre Mari&#xF1;o -- La comunitat pol&#xED;tica i l'enc&#xED;clica / Josep Verde i Aldea -- Informaci&#xF3;n y concordia / Alfonso S. Palomares -- Los marginados de &#xFA;ltima hora / Rafael de Andr&#xE9;s ; La verdad es... / Jos&#xE9; Manuel Calzada -- El c&#xF3;digo de las ocho falacias / Francisco Gonz&#xE1;lez Ledesma -- Ha llegado la hora de las decisiones / Francesc Josep Llusi&#xE0; -- La funci&#xF3;n p&#xFA;blica como servicio p&#xFA;blico / Ana Mar&#xED;a Viguera -- El paro, sin fondo / Fernando Pedr&#xF3;s -- El federalismo para Catalu&#xF1;a, para Espa&#xF1;a y para Europa / Josep Pujadas ; Monarqu&#xED;a federal, &#xBF;Por qu&#xE9; no? / Santiago Alba -- Hablar de Dios en medio del exilio de Dios / Josep Maria Lozano ; De una extra&#xF1;a complicidad / Eul&#xE0;lia Mas i Conde -- La integraci&#xF3;n de las comunidades en el Estado / Jos&#xE9; Antonio Gonz&#xE1;lez Casanova -- Tu novia y la m&#xED;a se llaman Berta / Gabriel de Ram&#xF3;n i Grau -- &#xBF;Un mero texto program&#xE1;tico? / Maria Dolors Oller Sala -- El fanatismo : la sangre y la palabra / Carlos Eymar -- &#xBF;El fin de la duda? / Montserrat Guibernau -- La ausencia de Dios / Antonio Guti&#xE9;rrez Pozo ; Dios / Mario Pajar&#xF3;n -- El r&#xE9;gimen de la responsabilidad / Jos&#xE9; Mar&#xED;a Herrera -- Met&#xE1;foras de las tinieblas / Carles Torner -- La perversi&#xF3;n de la palabra / Agust&#xED;n Domingo Moratella -- Cuenta m&#xE1;s la transparencia que la independencia / Fernando Rey Mart&#xED;nez -- La ingobernabilidad judicial / Juan Fernando L&#xF3;pez Aguilar -- Dinero y diversi&#xF3;n / Eul&#xE0;lia Sol&#xE9; -- La educaci&#xF3;n es mi derecho / Beatriz Vera Poseck -- No somos nadie / Margarita Benedicto -- Carta a un juez / Mar&#xED;a Elena Alfaro Bellati -- La democracia desnuda / Francesc Ponsa -- Para otra econom&#xED;a / Josep Escales -- Influencias / Albert Sabadell -- El hilo sin laberinto / Jorge Fern&#xE1;ndez Gonzalo -- El ruise&#xF1;or y el mandar&#xED;n o los tres dones del arte / Juan Valent&#xED;n Fern&#xE1;ndez de la Gala -- El primer d&#xED;a / Jos&#xE9; Ram&#xF3;n Alonso -- La rebeli&#xF3;n de los p&#xFA;blicos / Hugo Aznar -- La geograf&#xED;a contra la estrategia / Jos&#xE9; Mar&#xED;a Mart&#xED; Font -- El milagro del toubab / Antonio Salido -- Be water, hermano / Vicente Ort&#xED;</subfield>
  </datafield>
  <datafield tag="546" ind1=" " ind2=" ">
    <subfield code="a">Textos en castell&#xE0;, gallec i catal&#xE0;</subfield>
  </datafield>
  <datafield tag="630" ind1="0" ind2="7">
    <subfield code="a">Ciervo (Barcelona, Catalunya : 1951)</subfield>
    <subfield code="2">lemac</subfield>
  </datafield>
  <datafield tag="650" ind1=" " ind2="7">
    <subfield code="a">Articles de diaris</subfield>
    <subfield code="2">lemac</subfield>
    <subfield code="9">4252</subfield>
  </datafield>
  <datafield tag="942" ind1=" " ind2=" ">
    <subfield code="c">MON</subfield>
  </datafield>
  <datafield tag="999" ind1=" " ind2=" ">
    <subfield code="c">7110</subfield>
    <subfield code="d">7110</subfield>
  </datafield>
  <datafield tag="952" ind1=" " ind2=" ">
    <subfield code="0">0</subfield>
    <subfield code="1">0</subfield>
    <subfield code="4">0</subfield>
    <subfield code="7">0</subfield>
    <subfield code="a">CDMR</subfield>
    <subfield code="b">CDMR</subfield>
    <subfield code="d">2018-01-23</subfield>
    <subfield code="e">Donaci&#xF3;</subfield>
    <subfield code="g">20.00</subfield>
    <subfield code="l">0</subfield>
    <subfield code="o">Du 6/97</subfield>
    <subfield code="p">CDMR18010015</subfield>
    <subfield code="r">2018-01-23</subfield>
    <subfield code="v">20.00</subfield>
    <subfield code="w">2018-01-23</subfield>
    <subfield code="y">MON</subfield>
  </datafield>
</record>
